<?xml version="1.0" encoding="UTF-8"?>
<record
    xmlns:xsi="http://www.w3.org/2001/XMLSchema-instance"
    xsi:schemaLocation="http://www.loc.gov/MARC21/slim http://www.loc.gov/standards/marcxml/schema/MARC21slim.xsd"
    xmlns="http://www.loc.gov/MARC21/slim">

  <leader>01359nam a22001577a 4500</leader>
  <datafield tag="041" ind1=" " ind2=" ">
    <subfield code="a">ukr</subfield>
  </datafield>
  <datafield tag="080" ind1=" " ind2=" ">
    <subfield code="a">09</subfield>
  </datafield>
  <datafield tag="090" ind1=" " ind2=" ">
    <subfield code="b">&#x413;&#x420;&#x418;</subfield>
  </datafield>
  <datafield tag="100" ind1=" " ind2=" ">
    <subfield code="a">&#x413;&#x440;&#x438;&#x431;&#x456;&#x43D;&#x447;&#x438;&#x43A;, &#x41A;. &#x41E;.</subfield>
  </datafield>
  <datafield tag="245" ind1=" " ind2=" ">
    <subfield code="a">&#x421;&#x435;&#x43C;&#x430;&#x43D;&#x442;&#x438;&#x43A;&#x43E;-&#x43F;&#x440;&#x430;&#x433;&#x43C;&#x430;&#x442;&#x438;&#x447;&#x43D;&#x456; &#x43E;&#x441;&#x43E;&#x431;&#x43B;&#x438;&#x432;&#x43E;&#x441;&#x442;&#x456; &#x430;&#x43D;&#x433;&#x43B;&#x43E;&#x43C;&#x43E;&#x432;&#x43D;&#x438;&#x445; &#x437;&#x430;&#x433;&#x430;&#x434;&#x43E;&#x43A;</subfield>
  </datafield>
  <datafield tag="260" ind1=" " ind2=" ">
    <subfield code="a">&#x41E;&#x441;&#x442;&#x440;&#x43E;&#x433;</subfield>
    <subfield code="b">&#x41A;&#x410;&#x424;</subfield>
    <subfield code="c">2014</subfield>
  </datafield>
  <datafield tag="300" ind1=" " ind2=" ">
    <subfield code="a">87</subfield>
  </datafield>
  <datafield tag="520" ind1=" " ind2=" ">
    <subfield code="a">&#x412;&#x441;&#x442;&#x443;&#x43F;.
&#x420;&#x43E;&#x437;&#x434;&#x456;&#x43B; &#x406;. &#x41E;&#x441;&#x43E;&#x431;&#x43B;&#x438;&#x432;&#x43E;&#x441;&#x442;&#x456; &#x441;&#x435;&#x43C;&#x430;&#x43D;&#x442;&#x438;&#x447;&#x43D;&#x43E;&#x433;&#x43E; &#x442;&#x430; &#x43F;&#x440;&#x430;&#x433;&#x43C;&#x430;&#x442;&#x438;&#x447;&#x43D;&#x43E;&#x433;&#x43E; &#x430;&#x441;&#x43F;&#x435;&#x43A;&#x442;&#x456;&#x432; &#x430;&#x43D;&#x430;&#x43B;&#x456;&#x437;&#x443; &#x430;&#x43D;&#x433;&#x43B;&#x43E;&#x43C;&#x43E;&#x432;&#x43D;&#x438;&#x445; &#x437;&#x430;&#x433;&#x430;&#x434;&#x43E;&#x43A;.
1.1. &#x421;&#x442;&#x440;&#x443;&#x43A;&#x442;&#x443;&#x440;&#x430; &#x442;&#x430; &#x441;&#x435;&#x43C;&#x430;&#x43D;&#x442;&#x438;&#x447;&#x43D;&#x456; &#x43E;&#x441;&#x43E;&#x431;&#x43B;&#x438;&#x432;&#x43E;&#x441;&#x442;&#x456; &#x430;&#x43D;&#x433;&#x43B;&#x43E;&#x43C;&#x43E;&#x432;&#x43D;&#x438;&#x445; &#x437;&#x430;&#x433;&#x430;&#x434;&#x43E;&#x43A;
1.2. &#x41F;&#x440;&#x430;&#x433;&#x43C;&#x430;&#x442;&#x438;&#x447;&#x43D;&#x438;&#x439; &#x430;&#x441;&#x43F;&#x435;&#x43A;&#x442; &#x430;&#x43D;&#x430;&#x43B;&#x456;&#x437;&#x443; &#x430;&#x43D;&#x433;&#x43B;&#x43E;&#x43C;&#x43E;&#x432;&#x43D;&#x438;&#x445; &#x437;&#x430;&#x433;&#x430;&#x434;&#x43E;&#x43A;
&#x420;&#x43E;&#x437;&#x434;&#x456;&#x43B; &#x406;&#x406;. &#x421;&#x435;&#x43C;&#x430;&#x43D;&#x442;&#x438;&#x447;&#x43D;&#x438;&#x439; &#x442;&#x430; &#x43F;&#x440;&#x430;&#x433;&#x43C;&#x430;&#x442;&#x438;&#x447;&#x43D;&#x438;&#x439; &#x430;&#x43D;&#x430;&#x43B;&#x456;&#x437; &#x430;&#x43D;&#x433;&#x43B;&#x43E;&#x43C;&#x43E;&#x432;&#x43D;&#x438;&#x445; &#x437;&#x430;&#x433;&#x430;&#x434;&#x43E;&#x43A;.
2.1. &#x412;&#x438;&#x43A;&#x43E;&#x440;&#x438;&#x441;&#x442;&#x430;&#x43D;&#x43D;&#x44F; &#x441;&#x435;&#x43C;&#x430;&#x43D;&#x442;&#x438;&#x447;&#x43D;&#x43E;&#x433;&#x43E; &#x430;&#x441;&#x43F;&#x435;&#x43A;&#x442;&#x443; &#x434;&#x43B;&#x44F; &#x430;&#x43D;&#x430;&#x43B;&#x456;&#x437;&#x443; &#x430;&#x43D;&#x433;&#x43B;&#x43E;&#x43C;&#x43E;&#x432;&#x43D;&#x438;&#x445; &#x437;&#x430;&#x433;&#x430;&#x434;&#x43E;&#x43A;
2.2. &#x412;&#x438;&#x43A;&#x43E;&#x440;&#x438;&#x441;&#x442;&#x430;&#x43D;&#x43D;&#x44F; &#x43F;&#x440;&#x430;&#x433;&#x43C;&#x430;&#x442;&#x438;&#x447;&#x43D;&#x43E;&#x433;&#x43E; &#x43F;&#x456;&#x434;&#x445;&#x43E;&#x434;&#x443; &#x434;&#x43E; &#x434;&#x43E;&#x441;&#x43B;&#x456;&#x434;&#x436;&#x435;&#x43D;&#x43D;&#x44F; &#x430;&#x43D;&#x433;&#x43B;&#x43E;&#x43C;&#x43E;&#x432;&#x43D;&#x438;&#x445; &#x437;&#x430;&#x433;&#x430;&#x434;&#x43E;&#x43A;
&#x412;&#x438;&#x441;&#x43D;&#x43E;&#x432;&#x43A;&#x438;.
&#x421;&#x43F;&#x438;&#x441;&#x43E;&#x43A; &#x432;&#x438;&#x43A;&#x43E;&#x440;&#x438;&#x441;&#x442;&#x430;&#x43D;&#x43E;&#x457; &#x43B;&#x456;&#x442;&#x435;&#x440;&#x430;&#x442;&#x443;&#x440;&#x438;.
&#x414;&#x43E;&#x434;&#x430;&#x442;&#x43A;&#x438;</subfield>
    <subfield code="0">&#x441;&#x435;&#x43C;&#x430;&#x43D;&#x442;&#x438;&#x447;&#x43D;&#x438;&#x439; &#x430;&#x43D;&#x430;&#x43B;&#x456;&#x437;, &#x43F;&#x440;&#x430;&#x433;&#x43C;&#x430;&#x442;&#x438;&#x447;&#x43D;&#x438;&#x439; &#x430;&#x43D;&#x430;&#x43B;&#x456;&#x437;</subfield>
  </datafield>
  <datafield tag="650" ind1=" " ind2=" ">
    <subfield code="a">Research Papers</subfield>
  </datafield>
  <datafield tag="999" ind1=" " ind2=" ">
    <subfield code="c">285407</subfield>
    <subfield code="d">285407</subfield>
  </datafield>
  <datafield tag="942" ind1=" " ind2=" ">
    <subfield code="c">BK</subfield>
  </datafield>
  <datafield tag="952" ind1=" " ind2=" ">
    <subfield code="0">0</subfield>
    <subfield code="1">0</subfield>
    <subfield code="2">udc</subfield>
    <subfield code="4">0</subfield>
    <subfield code="7">0</subfield>
    <subfield code="a">104</subfield>
    <subfield code="b">104</subfield>
    <subfield code="d">2014-06-17</subfield>
    <subfield code="e">&#x410;&#x43A;&#x442; &#x2116;8</subfield>
    <subfield code="g">1.00</subfield>
    <subfield code="l">0</subfield>
    <subfield code="o">09</subfield>
    <subfield code="p">215488</subfield>
    <subfield code="r">2021-11-09 00:00:00</subfield>
    <subfield code="w">2014-06-17</subfield>
    <subfield code="y">BK</subfield>
  </datafield>
</record>
